<?xml version="1.0" encoding="UTF-8"?>
<record
    xmlns:xsi="http://www.w3.org/2001/XMLSchema-instance"
    xsi:schemaLocation="http://www.loc.gov/MARC21/slim http://www.loc.gov/standards/marcxml/schema/MARC21slim.xsd"
    xmlns="http://www.loc.gov/MARC21/slim">

  <leader>02476cam a22002897a 4500</leader>
  <controlfield tag="001">a46750273</controlfield>
  <controlfield tag="003">SIRSI</controlfield>
  <controlfield tag="005">20251024131109.0</controlfield>
  <controlfield tag="006">m     o  d        </controlfield>
  <controlfield tag="007">cr |n|||||||||</controlfield>
  <controlfield tag="008">250112s2025    nju     ob    001 0 eng d</controlfield>
  <datafield tag="020" ind1=" " ind2=" ">
    <subfield code="a">9781394283408</subfield>
  </datafield>
  <datafield tag="035" ind1=" " ind2=" ">
    <subfield code="a">(OCoLC)1482532655</subfield>
  </datafield>
  <datafield tag="037" ind1=" " ind2=" ">
    <subfield code="a">9781394283408</subfield>
    <subfield code="b">O'Reilly Media</subfield>
  </datafield>
  <datafield tag="040" ind1=" " ind2=" ">
    <subfield code="a">YDX</subfield>
    <subfield code="b">eng</subfield>
    <subfield code="c">YDX</subfield>
    <subfield code="d">OCLCO</subfield>
    <subfield code="d">ORMDA</subfield>
    <subfield code="d">UtOrBLW</subfield>
  </datafield>
  <datafield tag="041" ind1=" " ind2=" ">
    <subfield code="a">eng</subfield>
  </datafield>
  <datafield tag="049" ind1=" " ind2=" ">
    <subfield code="a">UPMM</subfield>
  </datafield>
  <datafield tag="050" ind1=" " ind2="4">
    <subfield code="a">HF5548.85</subfield>
  </datafield>
  <datafield tag="100" ind1="1" ind2=" ">
    <subfield code="a">Kane, Cynthia.</subfield>
    <subfield code="0">http://id.loc.gov/authorities/names/no2018128326</subfield>
    <subfield code="1">https://id.oclc.org/worldcat/entity/E39PBJhd7fXHtYgQmqVW7g3CwC</subfield>
  </datafield>
  <datafield tag="245" ind1="1" ind2="0">
    <subfield code="a">Pause principle</subfield>
    <subfield code="b">: navigating the space between stimulus and response</subfield>
    <subfield code="c">/ Cynthia Kane.</subfield>
  </datafield>
  <datafield tag="260" ind1=" " ind2=" ">
    <subfield code="a">Hoboken, NJ :</subfield>
    <subfield code="b">John Wiley,</subfield>
    <subfield code="c">2025.</subfield>
  </datafield>
  <datafield tag="300" ind1=" " ind2=" ">
    <subfield code="a">172 pages :</subfield>
    <subfield code="b">illustrations (black and white) ;</subfield>
    <subfield code="c">24 cm.</subfield>
  </datafield>
  <datafield tag="504" ind1=" " ind2=" ">
    <subfield code="a">Includes bibliographical references and index.</subfield>
  </datafield>
  <datafield tag="520" ind1=" " ind2=" ">
    <subfield code="a">Become a better communicator during awkward, difficult, or tense moments in the workplace In The Pause Principle: How to Keep Your Cool in Tough Situations, renowned corporate communications expert Cynthia Kane reveals her tried-and-tested SOFTEN practice to better handle awkward, difficult, or tense conversations at work by breaking free of automatic reactions including shutting down, running away, yelling, or getting passive aggressive or defensive. In this book, readers will learn how to regulate their bodily responses and emotions to arrive at peaceful and productive resolutions during even the most challenging moments at work. With Kane's help, readers have the opportunity to make a profound impact in their organizations, both interpersonally and quantitatively by reducing miscommunications and therefore corporate errors. This book explores topics such as: The fight, flight, or freeze response, and why it's actually a very effective evolution strategy in the wilderness--just not in the workplace The true financial cost of corporate miscommunication, estimated to be $4,200 per employee per year The importance of mindfulness in work and life, and its key role in calming the human nervous system during stressful situations The Pause Principle: How to Keep Your Cool in Tough Situations earns a well-deserved spot on the bookshelves of corporate leaders, executives, managers, and all individuals seeking proven strategies to smoothly navigate stressful social situations in the workplace.</subfield>
  </datafield>
  <datafield tag="650" ind1=" " ind2="0">
    <subfield code="a">Job stress</subfield>
    <subfield code="9">24545</subfield>
  </datafield>
  <datafield tag="942" ind1=" " ind2=" ">
    <subfield code="2">lcc</subfield>
  </datafield>
  <datafield tag="952" ind1=" " ind2=" ">
    <subfield code="0">0</subfield>
    <subfield code="1">0</subfield>
    <subfield code="2">lcc</subfield>
    <subfield code="4">0</subfield>
    <subfield code="7">0</subfield>
    <subfield code="a">TBS</subfield>
    <subfield code="b">TBS</subfield>
    <subfield code="d">2025-10-24</subfield>
    <subfield code="l">0</subfield>
    <subfield code="o">HF5548.85 KAN</subfield>
    <subfield code="p">B05691</subfield>
    <subfield code="r">2025-10-24</subfield>
    <subfield code="t">1</subfield>
    <subfield code="w">2025-10-24</subfield>
    <subfield code="y">1</subfield>
  </datafield>
  <datafield tag="999" ind1=" " ind2=" ">
    <subfield code="c">5105</subfield>
    <subfield code="d">5105</subfield>
  </datafield>
</record>
